Statistics for Historical Figures by Google Description #1

Click here to take the quiz!

General Stats

  • This quiz has been taken 23 times
  • The average score is 7 of 10

Answer Stats

QuestionAnswer% Correct
An Italian polymath of the High Renaissance who was active as a painter, draughtsman, engineer, scientist, theorist, sculptor, and architect.Leonardo DaVinci
95%
A Lemhi Shoshone woman who, in her teens, helped the Lewis and Clark Expedition in achieving their chartered mission objectives by exploring the Louisiana Territory.Sacagawea
95%
An American politician and academic who served as the 28th president of the United States from 1913 to 1921.Woodrow Wilson
90%
Serbian-American inventor, electrical engineer, mechanical engineer, and futurist best known for his contributions to the design of the modern alternating current electricity supply system.Nikola Tesla
86%
A king of the ancient Greek kingdom of Macedon. He succeeded his father Philip II to the throne in 336 BC at the age of 20, and spent most of his ruling years conducting a lengthy military campaign throughout Western Asia and Egypt.Alexander III
81%
An American professional baseball player whose career in Major League Baseball spanned 22 seasons, from 1914 through 1935.Babe Ruth
76%
A British writer and Anglican lay theologian. He held academic positions in English literature at both Oxford University and Cambridge University.C.S. Lewis
62%
Second king of the 4th dynasty (c. 2575–c. 2465 BCE) of Egypt and builder of the Great Pyramid at Giza, the largest single building to that time.Khufu
43%
A retired New Zealand professional rugby union player. He captained the national team, the All Blacks, in 110 out of his 148 test matches, and won two Rugby World Cups.Richie McCaw
43%
A Roman politician and general who played a critical role in the transformation of the Roman Republic from a constitutional republic into the autocratic Roman Empire.Mark Antony
19%

Score Distribution

Percentile by Number Answered

Percent of People with Each Score

Your Score History

You have not taken this quiz